| 000 -LEADER |
| fixed length control field |
00948pab a2200169 454500 |
| 008 - FIXED-LENGTH DATA ELEMENTS--GENERAL INFORMATION |
| fixed length control field |
180718b2005 xxu||||| |||| 00| 0 eng d |
| 100 ## - MAIN ENTRY--PERSONAL NAME |
| Personal name |
Krishnaswamy, Madhuri |
| 245 ## - TITLE STATEMENT |
| Title |
One step forward, two steps back |
| 260 ## - PUBLICATION, DISTRIBUTION, ETC. |
| Date of publication, distribution, etc. |
2005 |
| 300 ## - PHYSICAL DESCRIPTION |
| Extent |
p.4899-901. |
| 362 ## - DATES OF PUBLICATION AND/OR SEQUENTIAL DESIGNATION |
| Dates of publication and/or sequential designation |
19 Nov |
| 520 ## - SUMMARY, ETC. |
| Summary, etc. |
The proposed Scheduled Tribes Bill promises a great deal but in effect delivers very little. The bill's recognition that a new law is necessary to correct the "historical injustice" rendered to adivasis is a welcome step. But in its current form, the bill appears inadequate; loopholes in its provisions might deny several among the current forest dwellers, their legitimate rights. Meanwhile, there are also plans to dilute the bill further under pressures from the environment ministry and wildlife pressure groups. -Reproduced. |
| 650 ## - SUBJECT ADDED ENTRY--TOPICAL TERM |
| Topical term or geographic name entry element |
Scheduled Tribes Bill, 2005 |
| 650 ## - SUBJECT ADDED ENTRY--TOPICAL TERM |
| Topical term or geographic name entry element |
Tribes |
| 773 ## - HOST ITEM ENTRY |
| Main entry heading |
Economic and Political Weekly |
| 909 ## - |
| -- |
67969 |